Didáctica general

Uloženo v:
Podrobná bibliografie
Hlavní autor: Pino Batory, Martín (Autor)
Médium: Kniha
Jazyk:španělština
Vydáno: Santiago Universitaria 1965
Témata:
Tagy: Přidat tag
Žádné tagy, Buďte první, kdo vytvoří štítek k tomuto záznamu!

MARC

LEADER 00000nam a2200000 a 4500
001 UCZ0451
003 CL-VaPUC
008 950728e19650000CL |||||||||||||||||spa|d
082 0 4 |a 371.102  |b PIN  |2 21 
100 0 |a Pino Batory, Martín  |e author  |9 343299 
245 1 0 |a Didáctica general 
300 |a 199 p 
942 |c BK 
945 |d 19950728 00:00:00  |a mfernand 
260 |a Santiago  |b Universitaria  |c 1965 
650 0 |a Enseñanza  |9 256457 
650 0 |a Métodos de enseñanza  |9 270413 
650 0 |a Teoría de la educación   |9 309368 
650 0 |a Aprendizaje   |9 254827 
650 0 |a Motivación   |9 315362 
650 7 |a RENDIMIENTO  |2 CL-VaPUC  |9 260872 
650 0 |a Creatividad   |9 310816 
650 7 |a PRACTICA DE TESTS EDUCACIONALES  |2 CL-VaPUC  |9 343300 
583 |a last modification  |c 19950728 00:00:00  |k Rodrigo Vera 
999 |c 237380  |d 237378 
952 |0 0  |1 0  |4 0  |6 371_102000000000000_PIN_1965  |7 0  |8 P  |9 246393  |a BIBEDU  |b BIBEDU  |c BIBEDU_PB  |d 2019-11-18  |i 1549421  |o 371.102 PIN 1965  |p 1549421  |r 2024-01-25  |w 2019-11-18  |y BK  |k EDU 
952 |0 0  |1 0  |4 0  |6 371_102000000000000_PIN_1965  |7 0  |8 P  |9 246394  |a BIBEDU  |b BIBEDU  |c BIBEDU_PB  |d 2019-11-18  |i 154943K  |o 371.102 PIN 1965  |p 154943K  |r 2019-11-18  |w 2019-11-18  |y BK  |k EDU